Where women are: (Record no. 21)
[ view plain ]
| 000 -LEADER | |
|---|---|
| fixed length control field | 00731nam a22002177a 4500 |
| 003 - CONTROL NUMBER IDENTIFIER | |
| control field | OSt |
| 005 - DATE AND TIME OF LATEST TRANSACTION | |
| control field | 20230303101950.0 |
| 008 - FIXED-LENGTH DATA ELEMENTS--GENERAL INFORMATION | |
| fixed length control field | 221004b |||||||| |||| 00| 0 eng d |
| 020 ## - INTERNATIONAL STANDARD BOOK NUMBER | |
| International Standard Book Number | 978-9966-028-81-5 |
| 040 ## - CATALOGING SOURCE | |
| Transcribing agency | Chuka University Library |
| 050 ## - LIBRARY OF CONGRESS CALL NUMBER | |
| Classification number | HQ 1236.5 |
| Item number | .K4W44 2018 |
| 245 ## - TITLE STATEMENT | |
| Title | Where women are: |
| Remainder of title | gender & the 2017 Kenyan elections/ |
| Statement of responsibility, etc. | Edited by: Nanjala Nyabola, Marie-Emmanuelle Pommerolle |
| 260 ## - PUBLICATION, DISTRIBUTION, ETC. | |
| Place of publication, distribution, etc. | Nairobi, Kenya: |
| Name of publisher, distributor, etc. | Twaweza Communications Ltd, |
| Date of publication, distribution, etc. | 2018. |
| 300 ## - PHYSICAL DESCRIPTION | |
| Extent | xxv, 208 pages; |
| Dimensions | 21cm |
| 504 ## - BIBLIOGRAPHY, ETC. NOTE | |
| Bibliography, etc. note | Includes bibliography |
| 650 ## - SUBJECT ADDED ENTRY--TOPICAL TERM | |
| Topical term or geographic name entry element | Gender issues |
| Geographic subdivision | Kenya |
| 9 (RLIN) | 53 |
| 650 ## - SUBJECT ADDED ENTRY--TOPICAL TERM | |
| Topical term or geographic name entry element | Women |
| General subdivision | Elections |
| Chronological subdivision | 2017 |
| 9 (RLIN) | 54 |
| 700 ## - ADDED ENTRY--PERSONAL NAME | |
| Personal name | Nyabola, Nanjala |
| 9 (RLIN) | 55 |
| 700 ## - ADDED ENTRY--PERSONAL NAME | |
| Personal name | Pommerolle, Marie-Emmanuelle |
| 9 (RLIN) | 56 |
| 942 ## - ADDED ENTRY ELEMENTS (KOHA) | |
| Source of classification or shelving scheme | Library of Congress Classification |
| Koha item type | Long Loan Books |
| Suppress in OPAC | No |
| Withdrawn status | Lost status | Source of classification or shelving scheme | Damaged status | Not for loan | Collection | Home library | Current library | Shelving location | Date acquired | Total Checkouts | Full call number | Barcode | Date last seen | Copy number | Price effective from | Koha item type |
|---|---|---|---|---|---|---|---|---|---|---|---|---|---|---|---|---|
| Library of Congress Classification | General Collection Books | Main Campus Library | Main Campus Library | General Stacks | 04/10/2022 | HQ 1236.5.K4 W44 2018 | 20989/2021 | 04/10/2022 | 8 | 04/10/2022 | Long Loan Books | |||||
| Library of Congress Classification | General Collection Books | Main Campus Library | Main Campus Library | General Stacks | 03/03/2023 | HQ 1236.5.K4 W44 2018 | 20990/2021 | 03/03/2023 | 7 | 03/03/2023 | Long Loan Books | |||||
| Library of Congress Classification | General Collection Books | Main Campus Library | Main Campus Library | General Stacks | 03/03/2023 | HQ 1236.5.K4 W44 2018 | 20996/2021 | 03/03/2023 | 1 | 03/03/2023 | Long Loan Books | |||||
| Library of Congress Classification | General Collection Books | Main Campus Library | Main Campus Library | General Stacks | 03/03/2023 | HQ 1236.5.K4 W44 2018 | 20987/2021 | 03/03/2023 | 10 | 03/03/2023 | Long Loan Books | |||||
| Library of Congress Classification | General Collection Books | Main Campus Library | Main Campus Library | General Stacks | 03/03/2023 | HQ 1236.5.K4 W44 2018 | 20992/2021 | 03/03/2023 | 5 | 03/03/2023 | Long Loan Books | |||||
| Library of Congress Classification | General Collection Books | Main Campus Library | Main Campus Library | General Stacks | 03/03/2023 | HQ 1236.5.K4 W44 2018 | 20993/2021 | 03/03/2023 | 4 | 03/03/2023 | Long Loan Books | |||||
| Library of Congress Classification | General Collection Books | Main Campus Library | Main Campus Library | General Stacks | 03/03/2023 | HQ 1236.5 .K4 W44 2018 | 20994/2021 | 03/03/2023 | 3 | 03/03/2023 | Long Loan Books | |||||
| Library of Congress Classification | General Collection Books | Main Campus Library | Main Campus Library | General Stacks | 03/03/2023 | HQ 1236.5 .K4 W44 2018 | 20991/2021 | 03/03/2023 | 6 | 03/03/2023 | Long Loan Books |
